| 000 | 00325nam a2200097 4500 | ||
|---|---|---|---|
| 008 | 240903b |||||||| |||| 00| 0 eng d | ||
| 040 |
_aNational Science Library _cNational Science Library |
||
| 245 |
_aAnnual report: _bSilk and art silk mill's research association |
||
| 260 |
_aU.P.: _bUniversity of Roorkee |
||
| 942 |
_cREP _2udc |
||
| 999 |
_c66158 _d66158 |
||